Zawód, w którym często używa się pseudonimów. - Statystyki

Ogólne statystyki
  • Ten quiz został rozwiązany 8 razy
  • Średni wynik to 3 z 7
Statystyki odpowiedzi
Hint Odpowiedź % Poprawnych
2. Aktor
88%
1. Piosenkarz
88%
4. Pisarz
50%
3. YouTuber
25%
6. Cyrkowiec
0%
5. Magik
0%
7. Wróżbita
0%
Nie znaleziono quizów pasujących do podanych kryteriów
Rozkład punktacji
Procent ludzi z każdym wynikiem
Percentyl według liczby udzielonych odpowiedzi
Twoja historia wyników
Nie rozwiązałeś tego quizu